000 00996nam a2200301Ia 4500
001 Para_1057
003 CHAP
008 220125s1996 xx 000 0 und d
010 _a204521
040 _cCHAP
090 _aPA TESIS 1023
100 _aMartínez López, Ernesto
_972225
245 _aActividad biológica de nicosulfuron y primisulfuron en maíz (Zea mays L.) y su residualidad en rotación con hortalizas /
_c por Ernesto Martínez López
260 _aChapingo, Méx. :
_b El autor
300 _a103 h.
502 _aTesis (Ing. Agr. Esp. en Parasitología Agrícola) -- UACh. Depto. Parasitología
650 _aHerbicidas
_x toxicidad
_953700
650 _aLegumbres
_965680
650 _aMaíz
_970848
710 _aUACh. Departamento Parasitología Agrícola
_9164025
901 _aPA TESIS 1023
902 _aA
905 _a0000001996 i 0000000000 00
910 _a1996
942 _cPARA
942 _cPARA
_d1
999 _c204521
_d204521